00302pab a2200121 454500008004000000100001700040245003300057260000900090300001500099362001100114650002100125773003400146180718b2012 xxu||||| |||| 00| 0 eng d aBansil, P.C. aFeed, seed and wastage rates c2012 ap.111-115. a30 Jun aAnimal nutrition aEconomic and Political Weekly